000 00303nam a22001337a 4500
008 170606b xxu||||| |||| 00| 0 eng d
020 _a0521277604
041 _aeng
080 _a338
100 _a18
101 _aSHP
245 _aTHE POLITICS OF THE WORLD-ECONOMY
_cWALLERSTEIN,I
942 _2udc
_cBK
999 _c16177
_d16177